000
00462nam a2200169Ia 4500
008
090711s9999 xx 000 0 und d
082
_b
190
100
_a
काकडे द. स.
245
_a
मॅडम
260
_b
एस.के. पब्लिशिंग हाऊस
_c
1998
300
_a
158
600
_a
काकडे द. स.
630
_a
मॅडम
700
_a
काकडे द. स.
730
_a
मॅडम
942
_c
BOOK
999
_c
328380
_d
328380